An experimental investigation of high-temperature interactions between seawater and rhyolite, andesite, basalt and peridotite /

Bibliographic Details
Main Author: Chandler, Gary Wayne
Format: Thesis eBook
Language:English
Published: [College Station, Tex.] : Chandler, 1979.
Subjects:
Online Access:Link to OAKTrust copy

MARC

Tag First Indicator Second Indicator Subfields
LEADER 00000cam a2200000 i 4500
001 in00000043081
005 20220103114738.0
007 cr unu a
008 800301s1979 txua b 00010 eng d
035 |9 AAE4822AM 
035 |a (OCoLC)06039454 
040 |a TXA  |c TXA  |d UtOrBLW 
049 |a TXAZ  |c 1 [1242509], 2 [1242510] 
099 |a 1979  |a Thesis  |a C455 
100 1 |a Chandler, Gary Wayne. 
245 1 3 |a An experimental investigation of high-temperature interactions between seawater and rhyolite, andesite, basalt and peridotite /  |c by Gary Wayne Chandler. 
264 1 |a [College Station, Tex.] :  |b Chandler,  |c 1979. 
300 |a xi, 101 leaves :  |b illustrations ;  |c 28 cm. 
336 |a text  |b txt  |2 rdacontent 
337 |a computer  |b c  |2 rdamedia 
338 |a online resource  |b cr  |2 rdacarrier 
500 |a "Major subject: Geology." 
500 |a Vita. 
502 |b M.S.  |c Texas A&M University. 
504 |a Bibliography: leaves 90-97. 
530 |a Also available online. 
650 0 |a Hydrothermal deposits. 
650 0 |a Igneous rocks. 
650 0 |a Seawater  |x Thermodynamics. 
650 4 |a Major geology. 
856 4 1 |u https://hdl.handle.net/1969.1/ETD-TAMU-1979-THESIS-C455  |z Link to OAKTrust copy  |t 0 
999 |a MARS 
999 f f |s cc25ed36-d6f0-3b12-ac5c-8fa46341f811  |i 80d153c5-1e4e-31fb-a697-0fc66b5c420f  |t 0 
952 f f |p noncirc  |a Texas A&M University  |b J.J. Pickle Campus  |c High Density Repository  |s HDR  |d Remote Storage  |t 0  |e 1979 Thesis C455  |h Other scheme  |i computer -- online resource  |m A14840995195 
952 f f |a Texas A&M University  |b College Station  |c Electronic Resources  |s www_evans  |d Available Online  |t 0  |e 1979 Thesis C455  |h Other scheme 
998 f f |a 1979 Thesis C455  |t 0  |l Remote Storage 
998 f f |a 1979 Thesis C455  |t 0  |l Available Online